| 000 | 01633nam a2200481 i 4500 | ||
|---|---|---|---|
| 001 | 9667 | ||
| 003 | KOSZ 005 | ||
| 005 | 20201216145026.0 | ||
| 008 | 020718s1977 pl a f f |000 0 pol | ||
| 015 | _aUWD 1978/326 | ||
| 035 | _a991018780829705066 | ||
| 035 | _a(PL-WaBN)b15090838-48omnis_nlop | ||
| 035 | _ab15090838 | ||
| 035 | _a(OCoLC)805251944 | ||
| 035 | _a(PL)b0000001509083 | ||
| 035 | _a(EXLNZ-48OMNIS_NETWORK)9910462517505606 | ||
| 040 |
_aWA N _cWA N _dKOSZ 005/HR |
||
| 046 | _k1977 | ||
| 080 | _a621.3 | ||
| 080 | _a(075.8+076) | ||
| 100 | 1 |
_aGierczak, Ewa _eAutor |
|
| 245 | 1 | 0 |
_aZbiór zadań z elektrotechniki teoretycznej / _cEwa Gierczak, Jerzy Suchański. |
| 260 |
_aKielce : _bPŚ, _c1977. |
||
| 300 |
_a355 s. : _bil., tab., wykr. ; _c20 cm. |
||
| 336 |
_aTekst _btxt _2rdacontent |
||
| 337 |
_aBez urządzenia pośredniczącego _bn _2rdamedia |
||
| 338 |
_aWolumin _bnc _2rdacarrier |
||
| 380 | _aKsiążki | ||
| 380 | _aPublikacje dydaktyczne | ||
| 385 |
_mPoziom nauczania _aSzkoły wyższe |
||
| 388 | _a1901-2000 | ||
| 388 | _a1945-1989 | ||
| 490 | 1 |
_aSkrypty Uczelniane Politechniki Świętokrzyskiej ; _vnr 45 |
|
| 504 | _aBibliogr. | ||
| 650 | 7 |
_aElektrotechnika _2DBN |
|
| 655 | 7 |
_aĆwiczenia i zadania dla szkół wyższych _2DBN |
|
| 658 | _aInżynieria i technika | ||
| 700 | 1 |
_aSuchański, Jerzy _d(1949- ) _eAutor |
|
| 830 | 0 |
_aSkrypty Uczelniane Politechniki Świętokrzyskiej _vnr 45 |
|
| 856 |
_uhttp://koha.tu.koszalin.pl/cgi-bin/koha/opac-detail.pl?biblionumber=9667 _yKatalog online BPK |
||
| 942 |
_2UKD _cKS |
||
| 999 |
_c9667 _d9667 |
||